书目信息 |
| 题名: |
数控技术
|
|
| 作者: | 周德俭 主编 | |
| 分册: | ||
| 出版信息: | 重庆 重庆大学出版社 2001.11 |
|
| 页数: | 186页 | |
| 开本: | 26cm | |
| 丛书名: | ||
| 单 册: | ||
| 中图分类: | TG659-43 | |
| 科图分类: | ||
| 主题词: | 组合机床 , 组合机床--加工 | |
| 电子资源: | ||
| ISBN: | 7-5624-2320-2 | |
| 000 | 00569nam0 2200205 45 | |
| 001 | 0259188954 | |
| 005 | 2002061016262895 | |
| 010 | @a7-5624-2320-2@dRMB 18.00 | |
| 100 | @a20020610d2001 km y0chiy0120 ea | |
| 101 | 0 | @achi |
| 102 | @aCN@b420000 | |
| 200 | 1 | @a数控技术@Ashu kong ji shu@f周德俭主编@Fzhou de jian zhu bian |
| 210 | @a重庆@c重庆大学出版社@d2001.11 | |
| 215 | @a186页@d26cm | |
| 606 | 0 | @a组合机床 |
| 606 | 0 | @a组合机床@x加工 |
| 690 | @aTG659-43@v3 | |
| 701 | 0 | @a周德俭@Azhou de jian@4主编 |
| 801 | 0 | @aCN@bPFT@c20020610 |
| 905 | @a10447@dTG659-43@eZ750 | |
| 数控技术/周德俭主编.-重庆:重庆大学出版社,2001.11 |
| 186页;26cm |
| ISBN 7-5624-2320-2:RMB 18.00 |
| ● |
| 相关链接 |
|
|
|
正题名:数控技术
索取号:TG659-43/Z750
 
预约/预借
| 序号 | 登录号 | 条形码 | 馆藏地/架位号 | 状态 | 备注 |
| 1 | 361439 | 203614393 | 自科二线400A/400A自科库 27排1列3层/ [索取号:TG659-43/Z750] | 在馆 | |
| 2 | 361440 | 203614400 | 自科库501/501自科库 29排1列2层/ [索取号:TG659-43/Z750] | 在馆 |